Statistics for New York State A-Z

Click here to take the quiz!

General Stats

  • This quiz has been taken 206 times
  • The average score is 19 of 26

Answer Stats

ClueAnswer% Correct
AState capitalAlbany
96%
BNYC street famous for musical theatersBroadway
96%
NWaterfall on the Canadian borderNiagara Falls
92%
QNew York City boroughQueens
92%
HNYC neighborhood that had a literary "Renaissance" in the 1920sHarlem
86%
EState nicknameThe {Empire} State
82%
KNBA team based in ManhattanKnicks
81%
WMusic festival that took place on a farm near the town of Bethel 1969Woodstock
81%
CLast name of politicians Andrew and MarioCuomo
76%
FOtisco, Skaneateles, Owasco, Cayuga and Seneca, for example{Finger} Lakes
76%
RMost populous city on the Lake OntarioRochester
76%
XCompany that was the first to introduce photocopiers in 1959Xerox
76%
G1990s New York City mayor that is often credited with reducing crime in the cityRudy Giuliani
75%
UUpstate city named after an ancient Phoenician cityUtica
75%
IConfederation of six Native American tribesIroquois
72%
MPresident that was assassinated by an anarchist in Buffalo in 1901William McKinley
71%
VRailroad and shipping tycoon that was one of the richest people in
the world when he died in 1877
Cornelius Vanderbilt
67%
D"Raging Bull" actorRobert De Niro
64%
YThey are called "The Bronx Bombers"Yankees
64%
ZCEO that was born in White Plains in 1984Mark Zuckerberg
62%
LVillage that hosted the Winter Olympics twiceLake Placid
61%
OTallest building in the United StatesOne World
Trade Center
61%
JHis real name is Shawn CarterJay-Z
56%
PMusical that was the longest-running production of B of all-timePhantom of the Opera
48%
SCounty in which two Revolutionary War battles took place and are called to be the
"turning points" of the war
Saratoga
46%
TCorrupt political machine that was led by Boss Tweed in the 1860s{Tammany} Hall
39%

Score Distribution

Percentile by Number Answered

Percent of People with Each Score

Your Score History

You have not taken this quiz